Thơ văn Ninh Tốn
Giới thiệu thân thế và sự nghiệp thơ văn Ninh Tốn (Sống dưới thời vua Lê Hiển Tông). Phân tích và dịch một số bài thơ của ông
Wedi'i Gadw mewn:
| Prif Awdur: | |
|---|---|
| Awduron Eraill: | , , , |
| Fformat: | Llyfr |
| Iaith: | Vietnamese |
| Cyhoeddwyd: |
H.
Khoa học xã hội
1984
|
| Pynciau: | |
| Tagiau: |
Ychwanegu Tag
Dim Tagiau, Byddwch y cyntaf i dagio'r cofnod hwn!
|
| Thư viện lưu trữ: | Mạng thư viện Đại học Đà Nẵng |
|---|
| LEADER | 01577nam a2200409 4500 | ||
|---|---|---|---|
| 001 | 000005225 | ||
| 003 | 1368 | ||
| 005 | 20120409080403.0 | ||
| 008 | 110812s1984 viesd | ||
| 020 | |c 8000đ | ||
| 041 | 0 | |a vie | |
| 082 | |a 895.9221 |b NI-T | ||
| 100 | 0 | |a Ninh Tốn | |
| 245 | 0 | |a Thơ văn Ninh Tốn |c Ch.b.: Hoàng Lê ; Dịch thơ: Đoàn Phương Bình... ; Dịch: Nguyễn Hữu Chế... ; Hiệu đính: Đỗ Văn Hỷ | |
| 260 | |a H. |b Khoa học xã hội |c 1984 | ||
| 300 | |a 235 tr : ảnh |c 19 cm | ||
| 520 | |a Giới thiệu thân thế và sự nghiệp thơ văn Ninh Tốn (Sống dưới thời vua Lê Hiển Tông). Phân tích và dịch một số bài thơ của ông | ||
| 653 | |a Văn học trung đại | ||
| 653 | |a Nghiên cứu văn học | ||
| 653 | |a Danh nhân việt Nam | ||
| 653 | |a thơ văn | ||
| 653 | |a Ninh Tốn | ||
| 700 | |a Hoàng Lê |e chủ biên | ||
| 700 | |a Nguyễn Hữu Chế... |e dịch | ||
| 700 | |a Đào Phương Bình... |e dịch thơ | ||
| 700 | |a Đỗ Văn Hỷ |e hiệu đính | ||
| 910 | |a Nguyễn Thị Kim Oanh |d 12 /08/ 2011 | ||
| OWN | |a LSP | ||
| AVA | |a UDN50 |b LSP |d 895.9221 NI-T |e available |t Error 5001 Not defined in file expand_doc_bib_avail. |f 2 |g 1 |h N |i 0 |k 1 | ||
| 999 | |a From the UDN01 | ||
| AVA | |a UDN50 |b LSP |d 895.9221 NI-T |e available |t Error 5001 Not defined in file expand_doc_bib_avail. |f 2 |g 1 |h N |i 0 |k 1 | ||
| TYP | |a Monograph | ||
| TYP | |a Printed language | ||
| 980 | |a Mạng thư viện Đại học Đà Nẵng | ||